[Event "RSA-chT U10"]
[Site "Cape Town"]
[Date "2016.01.06"]
[Round "6.8"]
[White "Singh, Kival"]
[Black "Wessels, Mieke"]
[Result "0-1"]
[WhiteElo "766"]
[BlackElo "626"]
[PlyCount "37"]
[EventDate "2016.01.04"]
[EventType "team-tourn"]
[EventRounds "7"]
[EventCountry "RSA"]
[SourceTitle "CBM 170 Extra"]
[Source "ChessBase"]
[SourceDate "2016.02.25"]
[SourceVersion "1"]
[SourceVersionDate "2016.02.25"]
[SourceQuality "1"]
[WhiteTeam "Ethekwini"]
[BlackTeam "Ekurhuleni"]
[WhiteTeamCountry "RSA"]
[BlackTeamCountry "RSA"]

1. e4 e5 2. Nf3 Nc6 3. Bc4 Nf6 4. Nc3 Bb4 5. 0-0 0-0 6. d3 d6 7. h3 Bxc3 8. bxc3 Na5 9. Bb5 c6 10. Ba4 b5 11. Bb3 Nxb3 12. axb3 c5 13. c4 bxc4 14. bxc4 Bd7 15. Bg5 Nxe4 16. dxe4 Qc7 17. Qd3 g6 18. Bh6 Rfe8 19. Rfb1 0-1

[Event "RSA-chT U10"]
[Site "Cape Town"]
[Date "2016.01.04"]
[Round "1.8"]
[White "Singh, Kival"]
[Black "Van der Merwe, Marnus"]
[Result "1-0"]
[WhiteElo "766"]
[BlackElo "686"]
[PlyCount "33"]
[EventDate "2016.01.04"]
[EventType "team-tourn"]
[EventRounds "7"]
[EventCountry "RSA"]
[SourceTitle "CBM 170 Extra"]
[Source "ChessBase"]
[SourceDate "2016.02.25"]
[SourceVersion "1"]
[SourceVersionDate "2016.02.25"]
[SourceQuality "1"]
[WhiteTeam "Ethekwini"]
[BlackTeam "Kenneth Kaunda"]
[WhiteTeamCountry "RSA"]
[BlackTeamCountry "RSA"]

1. e4 e5 2. Nf3 Qe7 3. Bc4 Qc5 4. d3 Qb4+ 5. Nc3 Bc5 6. 0-0 Nh6 7. Nxe5 Bb6 8. Nd5 Qd6 9. Ng4 c6 10. Nc3 Qg6 11. Ne5 Qd6 12. Nxf7 Nxf7 13. Bxf7+ Kxf7 14. Qh5+ g6 15. Qf3+ Ke8 16. Bf4 Qf8 17. d4 1-0